000 00266nam a2200109Ia 4500
005 20251222144816.0
008 251222s9999||||xx |||||||||||||| ||spa||
082 _a361.985/P85
245 0 _aProyecto Nacional:
264 _bPresidencia de la República
942 _cLIB
999 _c20314
_d20314